| 000 | 00430nam a2200157 a 4500 | ||
|---|---|---|---|
| 001 | 4765 | ||
| 003 | CDMR | ||
| 005 | 20130320114801.0 | ||
| 008 | 130130s1990||||||||||||||||||||||||||||d | ||
| 040 |
_aCDMR _bcat _cCPC LLEIDA |
||
| 245 | 0 | 0 |
_aHistòria del Museu Morera _b: 1915-1990 |
| 260 |
_aLleida _c1990 _bAjuntament de Lleida |
||
| 710 | 2 |
_92824 _aMuseu d'art Jaume Morera |
|
| 710 | 1 |
_9363 _aLleida _b -- Ajuntament |
|
| 942 |
_cMON _2ddc |
||
| 999 |
_c4765 _d4765 |
||